[Event "18th Rochefort Open 2019"]
[Site "Rochefort"]
[Date "2019.02.20"]
[Round "7.2"]
[White "Sosa, Tomas"]
[Black "Gascon Del Nogal, Jose Rafael"]
[Result "1-0"]
[WhiteElo "2502"]
[BlackElo "2457"]
[Annotator "TA"]
[PlyCount "27"]
[EventDate "2019.02.16"]
[EventType "swiss"]
[EventCountry "FRA"]
[SourceTitle "playchess.com"]
[Source "ChessBase"]
[SourceQuality "1"]

{[%evp 12,27,15,12,18,10,35,0,15,0,12,14,7,12,3,0,0,-12]} 1. e4 e5 2. Nf3 Nc6 3. Bc4 Nf6 4. d3 Bc5 5. Nbd2 {[%cal Bb1d2,Bd2f1,Bf1g3][%mdl 32]} O-O 6. O-O d6 7. c3 a5 {C54: Giuoco Piano: 4 c3 Nf6, main lines with 5 d4 and 5 d3} (7... a6 8. Bb3 Ba7 9. h3 h6 10. Re1 Re8 11. Nh2 Be6 12. Qf3 Bxb3 13. axb3 Qd7 14. Ndf1 Qe6 15. b4 Ne7 16. Ng3 c6 17. Ng4 Nxg4 18. Qxg4 Qxg4 19. hxg4 {½-½ (31) Karjakin,S (2753)-Anand,V (2773) Kolkata 2018}) 8. Re1 a4 9. Nf1 h6 {The position is equal.} 10. Ng3 Ne7 $146 ({Predecessor:} 10... Bd7 11. d4 Bb6 12. h3 Re8 13. Bf1 a3 14. b3 d5 15. exd5 Nxd5 16. dxe5 Nxc3 {0-1 (49) Nedev,T (2496)-Hovhannisyan,R (2621) Batumi 2018}) 11. a3 Be6 12. Bxe6 fxe6 13. Be3 Bxe3 14. fxe3 {[%mdl 32768] Loss on time!?} 1-0

[Event "18th Rochefort Open 2019"]
[Site "Rochefort"]
[Date "2019.02.20"]
[Round "7.3"]
[White "Mu, Ke"]
[Black "Delorme, Axel"]
[Result "1/2-1/2"]
[WhiteElo "2404"]
[BlackElo "2498"]
[Annotator "TA"]
[PlyCount "66"]
[EventDate "2019.02.16"]
[EventType "swiss"]
[EventCountry "FRA"]
[SourceTitle "playchess.com"]
[Source "ChessBase"]
[SourceQuality "1"]

{[%evp 10,66,16,0,0,0,0,-10,-12,-9,0,0,4,14,22,34,40,7,24,12,0,12,20,20,22,22,21,21,21,14,16,0,15,0,0,0,0,0,3,0,0,-21,0,0,-4,-8,-7,-3,0,0,0,-15,0,-16,4,-29,4,0,0]} 1. d4 Nf6 2. c4 e6 3. Nc3 Bb4 4. Qc2 O-O 5. e4 d6 6. e5 dxe5 {E32: Nimzo-Indian: Classical (4 Qc2): 4...0-0} 7. dxe5 Ng4 8. Nf3 Nc6 $1 9. a3 Bxc3+ 10. Qxc3 {next h3 is good for White.} f6 $132 {[%mdl 2048] Black is fighting back} 11. exf6 Nxf6 12. Be3 e5 13. Be2 $146 ({Predecessor:} 13. Rd1 Qe8 14. Be2 {0-1 (29) Ward,C (2432)-Howell,D (2639) Torquay 2013}) 13... Ne4 14. Qd3 Qxd3 (14... Nf6 {keeps more tension.} 15. Qxd8 Rxd8 16. Rd1 Bf5 17. b4 Rxd1+ 18. Bxd1 e4) 15. Bxd3 Nd6 16. c5 e4 17. cxd6 exf3 18. gxf3 cxd6 19. Bc4+ Kh8 20. f4 Bf5 21. Bd5 Rae8 22. Rd1 Rf6 23. Rg1 h6 24. Kd2 Re7 25. Rde1 Be6 26. Bxc6 bxc6 27. b4 Kh7 28. Kc3 Bf5 29. Bd4 Rff7 30. Kd2 a6 31. Re3 Bg6 32. Rc1 {[#] Threatens to win with Rxe7.} Rxe3 33. fxe3 Be4 {Accuracy: White = 44%, Black = 55%.} 1/2-1/2

[Event "18th Rochefort Open 2019"]
[Site "Rochefort"]
[Date "2019.02.20"]
[Round "7.4"]
[White "Bobadilla Viera, Jorge Samuel"]
[Black "Demuth, Adrien"]
[Result "1/2-1/2"]
[WhiteElo "2318"]
[BlackElo "2519"]
[Annotator "TA"]
[PlyCount "79"]
[EventDate "2019.02.16"]
[EventType "swiss"]
[EventCountry "FRA"]
[SourceTitle "playchess.com"]
[Source "ChessBase"]
[SourceQuality "1"]

{[%evp 15,79,25,25,22,28,30,33,26,58,58,58,51,54,52,57,32,64,36,62,41,38,21,45,29,45,23,62,12,9,-15,-26,-20,-13,-33,-18,-6,-8,-13,0,-51,-38,-52,-39,-35,-30,-26,-14,-14,-16,-16,-16,-16,-16,-16,-16,-11,0,0,0,0,0,0,0,0,0,0]} 1. c4 f5 2. Nf3 Nf6 3. Nc3 g6 4. g3 Bg7 5. Bg2 O-O 6. O-O d6 7. d4 c6 8. Qb3 Na6 9. Rd1 {A88: Dutch Defence: Leningrad System: 5 Nf3 0-0 6 0-0 d6 7 Nc3 c6} (9. Re1 Kh8 10. e4 e5 11. exf5 exd4 12. Nxd4 Nc5 13. Qd1 gxf5 14. Bf4 Nce4 15. Rc1 d5 16. Nxe4 Nxe4 {1-0 (35) Mamedyarov,S (2817)-Anton Guijarro,D (2642) St Petersburg 2018}) 9... Nc7 10. d5 c5 11. Qc2 {White is slightly better.} a6 12. a4 Rb8 13. a5 b5 14. axb6 $1 Rxb6 15. b3 Bd7 $146 ({Predecessor:} 15... e5 16. dxe6 Nxe6 {1-0 (37) Bazan,O-Mercuri,L Leipzig 1960}) 16. Bb2 Qb8 17. Ra3 f4 18. Ng5 fxg3 19. hxg3 Ng4 20. Nce4 Ne8 21. Ne6 (21. Rda1 {seems wilder.} h6 22. Nf3 Bxb2 23. Qxb2 Nc7 24. Nh2) 21... Bxe6 $1 22. dxe6 Bxb2 23. Qxb2 Nef6 24. Nxf6+ Rxf6 25. Bf3 $132 {[%mdl 2048] White is fighting back} Ne5 26. Bd5 Qf8 27. f4 ({White should try} 27. f3 $1 $11) 27... Qh6 $15 {White must now prevent ...Ng4.} 28. e3 ({Don't blunder} 28. fxe5 $2 Qe3+ 29. Kh1 Rf2 $19) 28... Ng4 {Strongly threatening ...Qh3.} 29. Re1 Rf8 30. Qe2 Qh3 31. Qg2 {The position is equal.} Qxg2+ 32. Kxg2 Rfb8 33. Kf3 h5 34. Be4 Kg7 35. Bc2 Rf8 36. Rea1 Ra8 37. Be4 Rf8 38. Bc2 Ra8 39. Be4 Rab8 40. Bc2 {Accuracy: White = 76%, Black = 62%.} 1/2-1/2

[Event "18th Rochefort Open 2019"]
[Site "Rochefort"]
[Date "2019.02.21"]
[Round "8.1"]
[White "Solozhenkin, Evgeniy"]
[Black "Zeng, Chongsheng"]
[Result "1/2-1/2"]
[WhiteElo "2423"]
[BlackElo "2544"]
[Annotator "TA"]
[PlyCount "119"]
[EventDate "2019.02.16"]
[EventType "swiss"]
[EventCountry "FRA"]
[SourceTitle "playchess.com"]
[Source "ChessBase"]
[SourceQuality "1"]

{[%evp 20,119,15,7,15,0,4,13,27,20,42,13,32,40,54,37,33,21,62,67,71,60,99,56,138,143,247,216,345,344,345,276,264,278,283,266,277,267,265,265,252,243,265,262,247,187,184,180,159,147,174,151,154,172,148,161,159,157,166,154,149,139,167,152,207,210,228,206,204,40,18,37,39,18,109,125,110,0,2,0,0,-20,-17,-19,-44,-66,-52,-80,-52,-48,-41,-39,-33,-41,0,-30,0,0,0,0,112,104]} 1. d4 Nf6 2. c4 g6 3. g3 Bg7 4. Bg2 d5 5. cxd5 Nxd5 6. e4 Nb6 7. Ne2 c5 8. d5 e6 9. Nbc3 exd5 10. exd5 O-O 11. O-O Bf5 {D72: Fianchetto Grünfeld: 5 cxd5 Nxd5 6 e4 Nb6 (without Nf3)} 12. Be3 (12. h3 h5 13. h4 Re8 14. d6 Qd7 15. a4 Na6 16. Bg5 Nb4 17. a5 Nc4 18. a6 bxa6 19. Bxa8 Rxa8 {½-½ (31) Wang,H (2722)-Li,C (2619) Danzhou 2010}) 12... Na6 13. b3 Qd7 {The position is equal.} 14. Rc1 Rfe8 15. Qd2 $146 ({Predecessor:} 15. Nf4 Rad8 16. d6 Nc8 17. Qd5 Nxd6 18. Bxc5 Nxc5 19. Qxc5 {½-½ (34) Korbal,A (2156)-Schmidt,W (2273) Police 2017}) 15... Bh3 16. Bxh3 Qxh3 17. Rfd1 Rad8 18. d6 Qf5 19. Nf4 Rd7 20. Nb5 $1 Nc8 21. Nd5 b6 ({Better is} 21... Bd4 $14) 22. Bf4 $16 g5 (22... h5 $16 {was necessary.} 23. Qc2 Qxc2 24. Rxc2 Red8) 23. Re1 Re6 (23... Rf8 $142) 24. Bxg5 $18 Be5 25. Bf4 Nxd6 {And now ...Bxf4 would win.} 26. Rxe5 Rxe5 27. Bxe5 Qxe5 28. Re1 {[%cal Bc1e1,Be1e4,Be4g4][%mdl 32]} Ne4 {[#]} 29. Rxe4 $1 {[%mdl 512]} Qxd5 (29... Qxe4 30. Nf6+) 30. Rg4+ Kf8 31. Qh6+ {[%mdl 64] Double Attack} Ke7 {Threatens to win with ...Qd1+.} 32. Nc3 Qd3 33. Re4+ Kd8 34. Qf8+ Kc7 35. Re3 Qg6 36. Qa8 {[%cal Rc3b5]} Qc6 37. Qxa7+ Qb7 38. Qxb7+ Kxb7 $16 {[%mdl 4096] Endgame KRN-KRN} 39. Re5 Nb4 40. Rf5 Ka6 41. Kg2 Nd3 (41... Rd3 $16) 42. h4 $18 b5 43. h5 Ka5 44. a3 $2 ({White should play} 44. Nd5 $18) 44... b4 $14 45. axb4+ Kxb4 46. Ne4 Rc7 {[#]} (46... Re7 $1 $11 47. Nf6 Kxb3) 47. Rd5 $1 $16 {[%cal Rd5d3]} Nc1 48. h6 (48. Nf6 $16 Nxb3 49. Rd8 (49. Nxh7 c4 $11)) 48... Nxb3 $11 49. Nf6 c4 50. Rh5 {aiming for Nd5+.} ({Of course not} 50. Nxh7 c3 $17) 50... Rc8 51. Nd5+ ({But not} 51. Nxh7 $2 c3 $19) 51... Ka3 {Hoping for ...Rc5.} 52. Rf5 Rc5 {Strongly threatening ...c3.} 53. g4 $1 Nd4 54. Re5 Ne6 (54... c3 55. Re3 $17) 55. Re3+ Kb2 56. Nc3 Ra5 57. Kg3 Nc5 58. Nd5 Nd3 59. Nf6 Re5 (59... Ra3 $11 {remains equal.} 60. f3 Kb1) 60. Nxh7 {Accuracy: White = 67%, Black = 53%.} 1/2-1/2

[Event "18th Rochefort Open 2019"]
[Site "Rochefort"]
[Date "2019.02.21"]
[Round "8.2"]
[White "Mu, Ke"]
[Black "Sosa, Tomas"]
[Result "0-1"]
[WhiteElo "2404"]
[BlackElo "2502"]
[Annotator "TA"]
[PlyCount "108"]
[EventDate "2019.02.16"]
[EventType "swiss"]
[EventCountry "FRA"]
[SourceTitle "playchess.com"]
[Source "ChessBase"]
[SourceQuality "1"]

{[%evp 11,108,8,4,9,5,0,10,0,0,-15,-14,-18,-19,-27,-32,-29,-18,-79,-58,-58,-62,-62,-53,-58,-63,-81,-44,-50,-25,-27,-35,-37,-37,-43,-24,-14,-13,-54,-54,-54,-54,-65,-45,-63,-46,-60,-26,-120,-105,-104,-73,-75,-78,-122,-81,-107,-111,-137,-137,-157,-152,-211,-222,-216,-209,-222,-222,-210,-214,-218,-213,-289,-296,-279,-260,-260,-265,-216,-194,-187,-191,-187,-179,-174,-179,-165,-165,-177,-162,-321,-367,-348,-278,-345,-329,-29980,-29981,-29980,-29979]} 1. d4 d5 2. c4 e6 3. Nc3 Nf6 4. Nf3 dxc4 5. e3 a6 6. a4 Bb4 7. Bxc4 {D24: Queen's Gambit Accepted: 3 Nf3 Nf6 4 Nc3} O-O 8. O-O b6 9. Ne5 {The position is equal.} Bb7 10. Be2 Nbd7 11. Nd3 $146 ({Predecessor:} 11. Nc4 b5 12. Na2 bxc4 13. Nxb4 a5 14. Nc2 {½-½ (27) Grachev,B (2653)-Le,Q (2647) Moscow 2010}) 11... Bd6 12. Bf3 Bxf3 13. Qxf3 c5 14. dxc5 (14. Bd2 $11 {remains equal.}) 14... Nxc5 (14... bxc5 {feels hotter.} 15. Rd1 c4 16. Ne1 Qc7 17. g3 Rab8) 15. Nxc5 bxc5 16. a5 Qc7 17. g3 Rab8 18. Ra2 Be5 19. Bd2 Nd5 20. Nxd5 exd5 21. Rc1 Qd6 22. Bc3 d4 23. exd4 cxd4 24. Bd2 Qe6 25. Ra3 Rxb2 26. Rc6 Qd7 $36 {[%mdl 2048] Black is pushing.} ({Wrong is} 26... Rxd2 $2 27. Rxe6 fxe6 28. Qe4 $18) 27. Rd3 $1 Qb7 28. Kg2 Rc8 29. Rc1 (29. Rxc8+ $11 {keeps the balance.} Qxc8 30. Bf4) 29... Rxc1 30. Bxc1 Rb1 31. Qxb7 Rxb7 $17 {[%mdl 4096] Endgame KRB-KRB} 32. Kf3 h5 33. h4 Rb5 34. Bd2 g6 35. Ra3 Kf8 $1 36. Ra4 (36. Bf4 $17) 36... Ke7 $19 37. Rc4 Kd6 38. Rc8 {[#]} Rb3+ $1 39. Ke2 Kd5 40. Re8 f6 41. f4 Bd6 ({Inferior is} 41... Rxg3 42. fxe5 fxe5 43. Bg5 $11) 42. Rd8 Ke6 ({Weaker is} 42... Rxg3 43. Kf2 $17) 43. Ra8 Rxg3 44. Rxa6 {Black must now prevent Bb4.} Rg2+ 45. Kd3 Kd5 46. Rb6 Rg3+ 47. Kc2 {intending a6.} Bc5 48. Rxf6 {[#]} Kc4 $1 49. Re6 Rb3 {...d3+ is the strong threat.} 50. a6 $2 (50. Kd1) 50... d3+ 51. Kd1 Rb1+ 52. Bc1 Ra1 53. Rxg6 $2 (53. Re8 $19) 53... Be3 {[%csl Ge3][%cal Ra1c1]} 54. Rc6+ Kb5 {Accuracy: White = 43%, Black = 90%.} 0-1

[Event "18th Rochefort Open 2019"]
[Site "Rochefort"]
[Date "2019.02.21"]
[Round "8.3"]
[White "Gascon Del Nogal, Jose Rafael"]
[Black "Rios, Cristhian Camilo"]
[Result "1/2-1/2"]
[WhiteElo "2457"]
[BlackElo "2482"]
[Annotator "ChessBase"]
[PlyCount "32"]
[EventDate "2019.02.16"]
[EventType "swiss"]
[EventCountry "FRA"]
[SourceTitle "playchess.com"]
[Source "ChessBase"]
[SourceQuality "1"]
[TimeControl "40/5400+30:1800+30"]

1. e4 {[%emt 0:02:26]} c5 {[%emt 0:00:00]} 2. Ne2 {[%emt 0:00:05]} Nc6 {[%emt 0:00:00]} 3. d4 {[%emt 0:00:13]} cxd4 {[%emt 0:00:09]} 4. Nxd4 {[%emt 0:00:07]} Nf6 {[%emt 0:00:21]} 5. Nc3 {[%emt 0:00:05]} e5 {[%emt 0:00:22]} 6. Ndb5 {[%emt 0:00:06]} d6 {[%emt 0:00:09]} 7. Bg5 {[%emt 0:00:07]} a6 {[%emt 0:00:18]} 8. Na3 {[%emt 0:00:08]} b5 {[%emt 0:00:20]} 9. Nd5 {[%emt 0:01:22]} Qa5+ {[%emt 0:04:15]} 10. Bd2 {[%emt 0:00:24]} Qd8 {[%emt 0:00:08]} 11. Bg5 {[%emt 0:05:19]} Qa5+ {[%emt 0:03:57]} 12. Bd2 {[%emt 0:00:07]} Qd8 {[%emt 0:00:14]} 13. Bd3 {[%emt 1:26:01]} Nxd5 14. exd5 Ne7 15. c4 Bb7 {[%emt 1:27:17]} 16. O-O {[%emt 0:01:30]} Nc6 {[%emt 0:00:30]} 1/2-1/2

[Event "18th Rochefort Open 2019"]
[Site "Rochefort"]
[Date "2019.02.21"]
[Round "8.4"]
[White "Laurent, Julien G."]
[Black "Van den Doel, Erik"]
[Result "0-1"]
[WhiteElo "2303"]
[BlackElo "2611"]
[Annotator "TA"]
[PlyCount "52"]
[EventDate "2019.02.16"]
[EventType "swiss"]
[EventCountry "FRA"]
[SourceTitle "playchess.com"]
[Source "ChessBase"]
[SourceQuality "1"]

{[%evp 12,52,-3,-3,0,-11,0,-23,-10,-10,-8,-10,0,-29,-18,-64,-60,-52,-52,-42,-48,-47,-1,-39,-41,-78,-64,-121,-114,-304,-293,-260,-211,-357,-357,-356,-317,-980,-973,-29991,-29992,-29998,-29999]} 1. Nf3 d5 2. c4 d4 3. e3 Nc6 4. exd4 Nxd4 5. Nxd4 Qxd4 6. Nc3 c6 7. d3 Nh6 {A09: Réti Opening: 1 Nf3 d5 2 c4} 8. Be3 (8. Be2 g6 9. h3 Bg7 10. g4 f5 11. Be3 Qd6 12. Qd2 Nf7 13. O-O-O O-O 14. f4 b5 15. d4 bxc4 16. Bxc4 {0-1 (28) Anand,V (2793)-Kramnik,V (2769) London 2014}) 8... Qd8 9. d4 Nf5 {Black has an edge.} 10. Be2 Nxe3 $146 ({Predecessor:} 10... g6 11. Qd2 Bg7 12. Rd1 O-O 13. O-O Qa5 14. g4 Nxe3 15. Qxe3 {0-1 (29) Zavyalov,V (2370)-Goganov,A (2620) Vladivostok 2016}) 11. fxe3 g6 12. O-O Bh6 13. Qd3 O-O 14. Kh1 e5 $1 15. Rad1 exd4 16. exd4 Re8 17. Qf3 Bf5 18. g4 {[#]} Bc2 $1 {[%cal Rc2d1]} 19. Qxf7+ Kh8 20. Qxb7 $2 (20. Rde1 $17 {might work better.}) 20... Rb8 $19 ({Much less strong is} 20... Bxd1 21. Bxd1 (21. Rf7 $2 Kg8 $19) 21... Rb8 22. Qxc6 $19) 21. Qxc6 Bxd1 22. Rxd1 (22. Bxd1 {is the only way for White.} Rxb2 23. c5) 22... Rxb2 23. Bf1 Rf8 {( -> ...Rxh2+!)} 24. Ne4 $2 (24. Ne2) 24... Qh4 {[%csl Gb2][%cal Rh4h2][%mdl 64] Double Attack} 25. Qd6 Qxg4 {[%mdl 64] Double Attack} 26. Re1 {[#]} Rxf1+ $1 {[%mdl 576] Remove Defender. Accuracy: White = 18%, Black = 92%.} 0-1

[Event "18th Rochefort Open 2019"]
[Site "Rochefort"]
[Date "2019.02.22"]
[Round "9.1"]
[White "Sosa, Tomas"]
[Black "Solozhenkin, Evgeniy"]
[Result "1/2-1/2"]
[WhiteElo "2502"]
[BlackElo "2423"]
[Annotator "TA"]
[PlyCount "69"]
[EventDate "2019.02.16"]
[EventType "swiss"]
[EventCountry "FRA"]
[SourceTitle "playchess.com"]
[Source "ChessBase"]
[SourceQuality "1"]

{[%evp 17,69,50,45,18,20,16,9,9,12,15,15,8,20,23,36,28,48,9,6,17,28,26,42,16,44,12,7,0,0,0,0,0,0,0,0,-31,0,-66,-18,-100,-94,-83,0,-26,0,-81,0,-41,0,-75,0,-18,184,167]} 1. e4 c6 2. d4 d5 3. e5 c5 4. dxc5 e6 5. Nf3 Bxc5 6. a3 {B12: Caro-Kann: Advance Variation} Nc6 (6... Ne7 7. Bd3 Ng6 8. O-O O-O 9. Nbd2 Nc6 10. b4 Bb6 11. Bxg6 fxg6 12. Nb3 Bd7 13. Re1 {1-0 (29) Anand,V (2773)-Mamedyarov,S (2817) Wijk aan Zee 2019}) 7. b4 Bb6 8. Bd3 f6 9. Bb2 fxe5 {LiveBook: 13 Games} 10. b5 Nd4 11. Nxd4 exd4 12. Qh5+ Kf8 13. Nd2 $146 Nf6 14. Qe2 Qc7 15. Nf3 $1 Ba5+ 16. Kf1 Bc3 17. Rb1 Bxb2 18. Rxb2 Qc3 19. Rb1 Qxa3 20. Qe5 Bd7 21. Nxd4 Kf7 {[#]} 22. g4 $1 {[%mdl 512]} Rhf8 (22... Nxg4 23. Qh5+) 23. Kg2 Kg8 $36 {[%mdl 2048] Black is more active.} 24. f3 Rae8 25. h4 Bc8 26. Rbe1 Qc5 27. Nb3 (27. Re3 $11) 27... Qb6 {Hoping for ...Nxg4!} 28. Re2 (28. Re3 $11) 28... Nd7 $1 $17 {[%cal Rd7e5]} 29. Qh5 Nf6 (29... g6 $17 30. Qg5 e5) 30. Qe5 $1 $11 Nd7 (30... h6 $11) 31. Qh5 $1 $17 Nf6 32. Qe5 $1 Nd7 33. Qh5 $1 {[#]} Nf6 (33... g6 $1 $17 {[%cal Rg6h5]} 34. Qg5 e5) 34. Qe5 $1 $11 g6 $2 {[#]} (34... Rf7 $11) 35. h5 $1 {Precision: White = 60%, Black = 49%.} 1/2-1/2

[Event "18th Rochefort Open 2019"]
[Site "Rochefort"]
[Date "2019.02.22"]
[Round "9.2"]
[White "Van den Doel, Erik"]
[Black "Delorme, Axel"]
[Result "1-0"]
[WhiteElo "2611"]
[BlackElo "2498"]
[Annotator "TA"]
[PlyCount "49"]
[EventDate "2019.02.16"]
[EventType "swiss"]
[EventCountry "FRA"]
[SourceTitle "playchess.com"]
[Source "ChessBase"]
[SourceQuality "1"]

{[%evp 24,49,19,12,16,8,11,8,16,9,21,0,0,0,47,36,123,77,82,49,35,47,217,211,214,220,469,469]} 1. e4 e5 2. Nf3 Nc6 3. Bb5 a6 4. Ba4 Nf6 5. O-O Be7 6. Re1 b5 7. Bb3 d6 8. c3 O-O 9. h3 Na5 10. Bc2 c5 11. d4 Nd7 12. dxc5 dxc5 13. Nbd2 {[%cal Bb1d2,Bd2f1,Bf1e3,Be3c4,Bc4a5][%mdl 32]} Re8 {C96: Closed Ruy Lopez: Chigorin Defence: 11 d4, replies other than 11...Qc7} 14. Qe2 Bb7 15. Nf1 Nc4 {The position is equal.} 16. b3 {[%cal Bb2b3,Bb3b4][%mdl 32]} Nd6 17. c4 {[#]} f6 $146 ({Predecessor:} 17... Nf8 18. Bb2 f6 19. cxb5 axb5 20. a4 Ne6 21. axb5 Nf4 {0-1 (44) Kanmazalp,O (2468)-Naroditsky,D (2622) Benasque 2015}) 18. Ne3 bxc4 19. Nxc4 Nb8 ({Black should try} 19... Nf8 $14) 20. Be3 Nb5 {[#]} 21. b4 $1 Nc3 22. Qf1 $36 {[%mdl 2048] Black must now prevent Ncxe5! White is pushing.} Nd7 $2 (22... cxb4 $14 23. Nb6 Kh8) 23. Na5 $18 cxb4 {[#]} 24. Qc4+ $1 ({And not} 24. Nxb7 Qc7 $11) 24... Bd5 $2 (24... Kh8 25. Nxb7 Qc8) 25. exd5 {Accuracy: White = 70%, Black = 36%.} 1-0

[Event "18th Rochefort Open 2019"]
[Site "Rochefort"]
[Date "2019.02.22"]
[Round "9.3"]
[White "Rios, Cristhian Camilo"]
[Black "Demuth, Adrien"]
[Result "1/2-1/2"]
[WhiteElo "2482"]
[BlackElo "2519"]
[Annotator "TA"]
[PlyCount "40"]
[EventDate "2019.02.16"]
[EventType "swiss"]
[EventCountry "FRA"]
[SourceTitle "playchess.com"]
[Source "ChessBase"]
[SourceQuality "1"]

{[%evp 17,40,23,24,0,0,0,25,20,13,-33,-31,-23,-26,-68,-18,-29,-19,-25,-16,-9,-4,-5,-10,-12,0]} 1. c4 f5 2. Nc3 Nf6 3. d4 d6 4. Nf3 g6 5. g3 Bg7 6. Bg2 O-O 7. O-O c6 8. b3 Na6 9. Bb2 Qc7 10. Rc1 {A88: Dutch Defence: Leningrad System: 5 Nf3 0-0 6 0-0 d6 7 Nc3 c6} e5 11. Nb5 Qe7 12. dxe5 {White has an edge.} dxe5 {[%cal Bd6e5,Be5e4][%mdl 32] [#] White must now prevent ...e4.} 13. Qd6 {[#]} (13. Ba3 $5 {[%cal Ra3e7]} c5 14. Qd6 Qxd6 15. Nxd6 $14) 13... Qe8 $146 ({Predecessor:} 13... Qxd6 14. Nxd6 e4 15. Nd4 Ne8 16. Nxc8 Rxc8 17. Ba1 Nec7 {½-½ (34) Huzman,A (2557)-Cheparinov,I (2689) Caleta 2017}) 14. Nc3 e4 15. Nd4 Ng4 {Hoping for ...Be5.} (15... Nh5 $5 {[%cal Rg7e5]} 16. Rcd1 Rf6 $15) 16. Nc2 Be6 17. Rcd1 Rd8 18. Qxd8 {The position is equal.} Qxd8 19. Rxd8 Rxd8 20. Rd1 Rxd1+ 1/2-1/2